| 000 | 00362nam a2200133Ia 4500 | ||
|---|---|---|---|
| 008 | 210716s1964 xx 000 0 und d | ||
| 041 | _aeng | ||
| 082 | _a338.9 MEIG | ||
| 100 | _aMeier, Gerald M; Baldwin, Robert E. | ||
| 245 | _aEconomic development: theory history policy. | ||
| 250 | _a1 | ||
| 260 |
_aLondon _bJohn Wiley and Sons _c1964 |
||
| 300 | _axix,588 | ||
| 999 |
_c202244 _d202244 |
||